00000000nam 2200000zi 4500
0019.945386
003CaOODSP
00520241120143937
006m     o  d f      
007cr |n|||||||||
008241120e198308  onc     o    f000 0 eng d
020 |z066212748X
040 |aCaOODSP|beng|erda|cCaOODSP
043 |an-cn---
0861 |aC2-75/1983E-PDF|zC2-75/1983E
24500|aInterim Report of the Forest Industries Advisory Committee to the Honourable Edward C. Lumley, Minister of Industry, Trade and Commerce and Regional Economic Expansion.
264 1|aOttawa, Ontario : |b[Department of Industry, Trade and Commerce and Regional Economic Expansion], |cAugust 1983.
264 4|c©1983
300 |a1 online resource (1 volume (various pagings))
336 |atext|btxt|2rdacontent
337 |acomputer|bc|2rdamedia
338 |aonline resource|bcr|2rdacarrier
500 |aDigitized edition from print [produced by Innovation, Science and Economic Development Canada].
500 |aIssued also in French under title: Rapport Provisoire du Comité consultatif de l'industries forestière au Ministre de l'Industrie et du Commerce et de l'Expansion économique régionale.
650 0|aForests and forestry|xEconomic aspects|zCanada.
650 0|aForest products industry|zCanada.
7101 |aCanada. |bDepartment of Industry, Trade and Commerce, |eissuing body.
7101 |aCanada. |bRegional Economic Expansion, |eissuing body.
77508|tRapport Provisoire du Comité consultatif de l'industries forestière au Ministre de l'Industrie et du Commerce et de l'Expansion économique régionale.|w(CaOODSP)9.945388
85640|qPDF|s1.81 MB|uhttps://publications.gc.ca/collections/collection_2024/isde-ised/c2/C2-75-1983-eng.pdf